| 000 | 00439nam a2200157 a 4500 | ||
|---|---|---|---|
| 005 | 20140412111332.0 | ||
| 008 | 030317s19uu xx 00 eng d | ||
| 020 | _a0-02-179071-X | ||
| 050 |
_aTR(PS E _bPe44 1972 |
||
| 100 | _aKeats, Ezra Jack | ||
| 245 |
_aPet show! / _cEzra Jack Keats. |
||
| 260 |
_aNew York : _bMacmillan/McGraw-Hill School Pub. Comp, _c1972. |
||
| 300 | _a37 p. ; ill. | ||
| 650 | _aPets--Fiction | ||
| 999 |
_c104948 _d104948 |
||